Fitzroy region, Queensland resources series: Minerals and mining /

Bibliographic Details
Corporate Authors: Australia. Department of National Development. Geographic Section, Geological Survey of Queensland
Format: Map
Language:English
Published: Canberra, [publisher not identified] ; 1967.
Subjects:

MARC

Tag First Indicator Second Indicator Subfields
LEADER 00000cem a2200000 4500
001 in00001394607
005 20151020053422.0
008 701029s1967 at bh a 0 eng
010 |a gm 69003379  
020 |c $0.75 
035 |a (OCoLC)05475882 
035 |9 AHM8111AM 
040 |a DLC  |c DLC  |d TXA  |d UtOrBLW 
049 |a TXAC 
050 0 0 |a G9002.F45H1 1967  |b .A8 
052 |a 9002  |b G45 
110 1 |a Australia.  |b Department of National Development.  |b Geographic Section. 
245 1 0 |a Fitzroy region, Queensland resources series: Minerals and mining /  |c Produced by the Geographic Section, Dept. of National Development ... with drawing for reproduction and plate making by Division of National Mapping. 
255 |a Scale 1:2,000,000. 
264 1 |a Canberra,  |b [publisher not identified] ;  |c 1967. 
300 |a 4 color maps ;  |c on sheet 76 x 56 cm. folded in portfolio 25 x 18 cm. 
336 |a cartographic image  |b cri  |2 rdacontent 
337 |a unmediated  |b n  |2 rdamedia 
338 |a sheet  |b nb  |2 rdacarrier 
500 |a "Transverse Mercator projection." 
505 0 |a Coal and shale.--Oil and natural gas.--Minerals other than fuels.--Mineral production. 
500 |a Accompanied by text prepared by the Geological Survey of Queensland. 25 pages. 
500 |a Cartographic material. 
650 0 |a Mines and mineral resources  |z Australia  |z Fitzroy River Watershed (Qld.)  |x Maps. 
710 2 |a Geological Survey of Queensland. 
999 |a MARS 
999 f f |s a6727d87-b126-399e-bf78-1b1ea2010a48  |i c09409f3-3b51-3427-bfc9-8dce6bf34f37  |t 0 
952 f f |p normal  |a Texas A&M University  |b College Station  |c Sterling C. Evans Library  |d Evans: Maps (2nd floor)  |t 0  |e G9002.F45H1 1967 .A8  |h Library of Congress classification  |i unmediated -- sheet  |m A14822060188 
998 f f |a G9002.F45H1 1967 .A8  |t 0  |l Evans: Maps (2nd floor)